Načítá se...

Handbook of learning disability

Podrobná bibliografie
Hlavní autor: Santhosh Vallikkat
Médium: Printed Book
Jazyk:English
Vydáno: New Delhi Kanishka Publishers & Distributors 2012
Témata:
LEADER 00842 a2200169 4500
008 140108b xxu||||| |||| 00| 0 eng d
020 |a 9788184573480 
082 |a 371.9 
100 |a Santhosh Vallikkat 
245 |a Handbook of learning disability  |c Santhosh Vallikkat 
260 |c 2012  |b Kanishka Publishers & Distributors  |a New Delhi 
300 |a 149p.  |c 23cm. 
505 |a Learning disability---types of learning disabilities---autism---attention deficit hyperactivity disorder---auditory processing disorder---language based learning disabilities---dylexia---dyscalculia---parenting child with learning disability 
650 |a learning disabilities 
942 |2 ddc  |c BK 
999 |c 100768  |d 100768 
952 |0 0  |1 0  |4 0  |6 371_900000000000000_SAN_H  |7 0  |9 100711  |a UL  |b UL  |c ST1  |d 2013-08-12  |e 2  |g 328.50  |l 5  |m 2  |o 371.9 SAN/H  |p 89456  |r 2019-11-02  |s 2019-06-28  |v 450.00  |y BK